00464nam a2200169Ia 4500003000400000005001700004008004100021040000900062082001800071100002600089245005700115250001200172260004400184300000900228942004200237999001500279OSt20200127124424.0190216s9999||||xx |||||||||||||| ||und|| coclc a657.45bPAG/P a Pagare, Dinkar91263 0aPrinciples And Practice Of Auditing /cDinkar Pagare a7th ed. bSultan Chand & Sons,c1999.aNew Delhi: a528p cBK2ddch657.45iPAG/Pk657.45mPAG/P c5809d5809